Movies Quiz

Random Movies or Actress Quiz

I Beat Meryl Streep! Quiz Stats

Quiz Updated Mar 4, 2018

Challenge
Share
Tweet
Embed
Score 0/18 Timer 03:00
1 Play Today
Hint Actress % Correct
Meryl was spot on in her Julia Child role in Julie & Julia, but it wasn't as popular as my role in The Blind Side.Sandra Bullock
91%
So Meryl finally plays a nun in Doubt but she couldn't compete with me as a sexy reader in, well... The Reader.Kate Winslet
79.6%
I know she got cancer in One True Thing, but come on, wasn't I just crazy sweet in Shakespeare in Love?Gwyneth Paltrow
78.3%
Her role in Adaptation was played beautifully but it just couldn't match my moves in Chicago.Catherine Zeta-Jones
77.6%
Meryl swore an awful lot in August: Osage County, but my troubled socialite topped her in Blue Jasmine.Cate Blanchett
75.8%
Did Meryl really think her hell-on-wheels role in The Devil Wears Prada could beat me as the Queen of England in The Queen?Helen Mirren
75.3%
Snap out of it Meryl! So you flawlessly played an alcoholic crooner in Ironweed. I was torn between two lovers in Moonstruck!Cher
74.8%
Yeah, Meryl played a music teacher in the Music of the Heart, but I played a girl who played a boy in Boys Don't Cry.Hilary Swank
74.6%
She was great playing Carrie Fisher in Postcards From the Edge, but I was a force to be reckoned with in Misery.Kathy Bates
71.1%
Hint Actress % Correct
No matter how many articles her newspaper publisher pushed, it wasn't enough to top my billboards.Frances McDormand
69.3%
She was a singing, transforming witch in Into the Woods, but it took me 13 years to get my Oscar for Boyhood.Patricia Arquette
61.6%
She played an Iowa farmer's wife in The Bridges of Madison County but you can't beat a nun in Dead Man Walking!Susan Sarandon
61.1%
She may have been the young and beautiful French Lieutenant's Woman but I was old and adorable in On Golden Pond.Katharine Hepburn
59%
Even with Meryl's expensive voice coaches as a wealthy heiress, my character still out-sang her as a struggling actress and barista.Emma Stone
56.5%
So a dingo took her baby in A Cry in the Dark, I was attacked by 3 guys in a bar in The Accused!Jodie Foster
54.7%
So she got a little radiation poisoning in Silkwood. I lost my frikken daughter in Terms of Endearment!Shirley Maclaine
47%
Her Deer Hunter role was no match for my superb role as a British Oscar Nominee in California Suite.Maggie Smith
23.8%
It just goes to show that being Out of Africa was no match for my Trip to Bountiful.Geraldine Page
15.9%

You're not logged in!

Compare scores with friends on all Sporcle quizzes.
Sign Up with Email
OR
Log In

You Might Also Like...

Show Comments

Extras

Top Quizzes Today


Score Distribution

Your Account Isn't Verified!

In order to create a playlist on Sporcle, you need to verify the email address you used during registration. Go to your Sporcle Settings to finish the process.

Report this User

Report this user for behavior that violates our Community Guidelines.

Details: